History And Class Conciousness : Studies In Marxist Dialectics (Record no. 684015)

MARC details
000 -LEADER
fixed length control field 00343nam a2200121Ia 4500
008 - FIXED-LENGTH DATA ELEMENTS--GENERAL INFORMATION
fixed length control field 230627s9999 xx 000 0 und d
041 ## - LANGUAGE CODE
Language code of text/sound track or separate title mar
082 ## - DEWEY DECIMAL CLASSIFICATION NUMBER
Classification number 320.531 5
Item number LUK
100 ## - MAIN ENTRY--PERSONAL NAME
Personal name Lukacs G
245 ## - TITLE STATEMENT
Title History And Class Conciousness : Studies In Marxist Dialectics
260 ## - PUBLICATION, DISTRIBUTION, ETC.
Place of publication, distribution, etc. Allahabad
Name of publisher, distributor, etc. Rupa & Co.
Date of publication, distribution, etc. 1993
700 ## - ADDED ENTRY--PERSONAL NAME
Personal name Livingstone R.,
Holdings
Withdrawn status Lost status Damaged status Not for loan Collection Home library Current library Shelving location Date acquired Cost, normal purchase price Total Checkouts Full call number Barcode Date last seen Price effective from Koha item type
Withdrawn       NLP LL.B New Law College, Pune New Law College, Pune NLP-Rack No-65 31/03/1998 95.00   320.531 5 LUK NLP-N03350 17/07/2023 17/07/2023 Book